Některé otázky evropské poesie po první imperialistické válce a revolučnost básnické tvorby Jiřího Wolkera /

Hlavní autor: Drmola, Evžen, 1927-1981
Jazyk: Čeština
Vydáno: Brno : Evžen Drmola, 1950
Fyzický popis: 231 s.
Knihy
Uloženo v:
LEADER 00699nam a2200193 a 4500
001 000590072
003 CZ BrMZK
005 20021119153631.0
007 ta
008 020312s1950 xr f cze d
040 |a BOA001  |b cze  |c BOA001 
100 1 |a Drmola, Evžen,  |d 1927-1981  |7 jk01023076  |4 dis 
245 1 0 |a Některé otázky evropské poesie po první imperialistické válce a revolučnost básnické tvorby Jiřího Wolkera /  |c Evžen Drmola 
260 |a Brno :  |b Evžen Drmola,  |c 1950 
300 |a 231 s. 
502 |a Disertace -- Masarykova universita, 1950 
910 |a BOA001  |b 4-0305.893 
990 |a BK 
996 6 |b BC-18293  |c 4-0305.893  |l MZK  |r Sklad / do 24 hodin  |n 0  |w 000590072  |u 000010  |a 1  |e BOA001  |j MZK50  |s P